Mission Paradigm in the New Millennium. (Record no. 10384)
[ view plain ]
| 000 -LEADER | |
|---|---|
| fixed length control field | 00632nam a2200241 a 4500 |
| 020 ## - INTERNATIONAL STANDARD BOOK NUMBER | |
| ISBN | 8172148 |
| 082 00 - DEWEY DECIMAL CLASSIFICATION NUMBER | |
| Classification number | 266.2 |
| Author Cutter | JEG |
| 100 ## - MAIN ENTRY--AUTHOR NAME | |
| Author name | Jeganathan, Milton W S |
| 245 ## - TITLE STATEMENT | |
| Title | Mission Paradigm in the New Millennium. |
| 260 ## - PUBLICATION, DISTRIBUTION, ETC. (IMPRINT) | |
| Place of publication | Delhi |
| Name of publisher | ISPCK |
| Year of publication | 2000 |
| 300 ## - PHYSICAL DESCRIPTION | |
| Number of Pages | 417p |
| 500 ## - GENERAL NOTE | |
| General note | includes index and biblioraphy |
| 505 2# - FORMATTED CONTENTS NOTE | |
| Formatted contents note | Study on Missiology an Indian Perspective. |
| 650 ## - SUBJECT ADDED ENTRY--TOPICAL TERM | |
| Topical Term | Missions |
| 942 ## - ADDED ENTRY ELEMENTS (KOHA) | |
| Koha item type | Books |
| 700 1# - | |
| -- | Jeganathan, Milton W S |
| Collection code | Home library | Current library | Date acquired | Cost, normal purchase price | Full call number | Accession Number | Koha item type |
|---|---|---|---|---|---|---|---|
| Henry Martyn Institute Library | Henry Martyn Institute Library | 08/05/2011 | 225.00 | 266.2 JEG | 019747 | Books |
